Formel 1 - Kurvennamen - Statistiken

Allgemein
  • Dieses Quiz wurde 43 mal gespielt
    13 seit der letzten Aktualisierung
  • Das Durchschnittsergebnis liegt bei 18 aus 116
Antwortstatistiken
Antwort % Korrekt
Eau Rouge
82%
Variante Ascari
73%
Maggotts
64%
S do Senna
64%
Virage Senna
64%
130R
55%
Bus Stop
55%
Casino
55%
Casio Triangle / (Bus Stop)
55%
Copse
55%
Raidillon
55%
Becketts
45%
Curva Parabolica / Curva Alboreto
45%
La Source
45%
Blanchimont
36%
Curva Biassono / Curva Grande
36%
Dunlop
36%
Esse
36%
Grand Hotel / Fairmont / (Loews)
36%
La Rascasse
36%
Saint Devote
36%
Spoon
36%
Tamburello
36%
Chapel
27%
Curve di Lesmo
27%
Niki Lauda
27%
Piscine (Swimming Pool)
27%
Pouhon
27%
Seconda Variante / Variante della Roggia
27%
Stowe
27%
Tarzanbocht
27%
Tunnel
27%
(Wall of Champions)
27%
200R
18%
Abbey
18%
Club
18%
Degner
18%
(Esses)
18%
Esses
18%
First
18%
Last
18%
Luffield
18%
Mirabeau Bas
18%
Mirabeau Haute
18%
Portier
18%
Prima Variante / Variante del Rettifilio
18%
Acque Minerali
9%
Beau Rivage
9%
Brooklands
9%
Campus / Stavelot
9%
(Castle)
9%
Elf
9%
Hugeholzbocht
9%
Jochen Rindt
9%
Les Combes
9%
Malmedy
9%
Nouvelle
9%
Peraltada
9%
Renault
9%
Rivage / Bruxelles
9%
Tabac
9%
Villeneuve
9%
Woodcote
9%
Aintree
0%
Anthony Noghes
0%
Arie Luyendijk Bocht
0%
Banc Sabadell
0%
Bico de Pato
0%
Campsa
0%
Connaught
0%
Curva do Sol
0%
Descida do Lago
0%
Ese del Lago
0%
Esses Moises Solana
0%
Europcar
0%
Fagnes
0%
Farm
0%
Ferradura
0%
Foro Sol
0%
Gerlachbocht
0%
Graz
0%
Gresini
0%
Gyaku Bank / Anti Banked
0%
Hairpin
0%
Hanst Ernst Bocht
0%
Horquilla
0%
Juncao
0%
Kumho
0%
La Caixa
0%
Laranjinha
0%
L'Epingle / Pits Hairpin
0%
Massenet
0%
Mastersbocht
0%
Megulho
0%
Memorial Corner
0%
Münzer
0%
New Holland
0%
Padang
0%
Pinheirinho
0%
Piratella
0%
Point de la Concorde
0%
Rauch
0%
Repsol
0%
Rivazza
0%
Rob Slotemakerbocht
0%
Scheivlak
0%
Seat
0%
Sheares
0%
Singapore Sling
0%
Speakers
0%
Stamford
0%
The Loop
0%
Tosa
0%
Village
0%
Virage Louis Chiron
0%
Würth
0%
Keine übereinstimmenden Quizze gefunden
Verteilung der Resultate
Anzahl Personen mit jedem Resultat
Perzentil nach korrekt beantworteten Fragen
Ihre Resultats-Entwicklung
Sie haben dieses Quiz seit der letzten Aktualisierung nicht gespielt